Central Library OPAC University of Rajshahi

Psycholinguistics papers; (Record no. 6476)

MARC details
000 -LEADER
fixed length control field 01096cam a2200301 4500
001 - CONTROL NUMBER
control field 6476
003 - CONTROL NUMBER IDENTIFIER
rucl marc code BD-RjUL
005 - DATE AND TIME OF LATEST TRANSACTION
control field 20211208234242.0
008 - FIXED-LENGTH DATA ELEMENTS--GENERAL INFORMATION
fixed length control field 110114s1969 stka b 100 0 eng
035 ## - SYSTEM CONTROL NUMBER
System control number (BD-RjUL)
040 ## - CATALOGING SOURCE
Original cataloging agency DLC
Transcribing agency DLC
Modifying agency DLC
Language of cataloging eng
041 ## - LANGUAGE CODE
Language code of text/sound track or separate title eng
082 00 - DEWEY DECIMAL CLASSIFICATION NUMBER
Classification number 401.9
Author mark and year PSY 1969
111 2# - MAIN ENTRY--MEETING NAME
Meeting name or jurisdiction name as entry element Edinburgh University Conference on Psycholinguistics,
Date of meeting 1969
9 (RLIN) 20385
245 10 - TITLE STATEMENT
Title Psycholinguistics papers;
Remainder of title the proceedings of the 1966 Edinburgh Conference /
Statement of responsibility, etc. edited by J. Lyons and R. J. Wales.
260 ## - PUBLICATION, DISTRIBUTION, ETC. (IMPRINT)
Place of publication, distribution, etc. Edinburgh,
Name of publisher, distributor, etc. Edinburgh U.P.
Date of publication, distribution, etc. 1966 [Reprinted 1969]
300 ## - PHYSICAL DESCRIPTION
Pagination [9], 243 p.
Illustrations tables, diagr.
Size 21 1/2 cm.
500 ## - GENERAL NOTE
General note "Sponsored by the Research Board of the Faculty of Social Sciences."
504 ## - BIBLIOGRAPHY, ETC. NOTE
Bibliography, etc Bibliography: p. 223-239.
650 #0 - SUBJECT ADDED ENTRY--TOPICAL TERM
Topical term or geographic name as entry element Psycholinguistics.
9 (RLIN) 5297
Topical term or geographic name as entry element Linguistics.
9 (RLIN) 20386
700 1# - ADDED ENTRY--PERSONAL NAME
Personal name Lyons, John,
Dates associated with a name 1932-
Relator term ed.
Personal name Wales, Roger J.,
Relator term ed.
710 2# - ADDED ENTRY--CORPORATE NAME
Corporate name or jurisdiction name as entry element University of Edinburgh.
Subordinate unit Faculty of Social Sciences.
-- Research Board.
9 (RLIN) 20389
942 ## - ADDED ENTRY ELEMENTS (KOHA)
Source of classification or shelving scheme Dewey Decimal Classification
Koha item type Books
Holdings
Lost status Source of classification or shelving scheme Damaged status Not for loan Collection code Permanent Location Current Location Shelving location Date acquired Source of acquisition Cost, normal purchase price Total Checkouts Full call number Date last seen Copy number Koha item type
  Dewey Decimal Classification   Not For Loan Non-fiction Central Library, University of Rajshahi Central Library, University of Rajshahi   10/01/1970 Zeit 0.00   401.9 PSY 1969 11/01/2014 C-1 Books
  Dewey Decimal Classification     Non-fiction Central Library, University of Rajshahi Central Library, University of Rajshahi   30/01/1971 Zeithlinger 42.00   401.9 PSY 1969 20/06/2016 C-2 Books